Wymień wszystkich mistrzów KSW w kategorii lekkiej. - Statystyki

Ogólne statystyki
  • Ten quiz został rozwiązany 31 razy
  • Średni wynik to 4 z 5
Statystyki odpowiedzi
ROK Mistrz % Poprawnych
2016-2020 Mateusz Gamrot
93%
Tymczasowy Salahdine Parnasse
89%
2020-.... Marian Ziółkowski
79%
Tymczasowy Norman Parke
75%
2012-2015 Maciej Jewtuszko
39%
Nie znaleziono quizów pasujących do podanych kryteriów
Rozkład punktacji
Procent ludzi z każdym wynikiem
Percentyl według liczby udzielonych odpowiedzi
Twoja historia wyników
Nie rozwiązałeś tego quizu